| 000 | 00432nam a2200193Ia 4500 | ||
|---|---|---|---|
| 005 | 20250406054951.0 | ||
| 008 | 240331s9999 xx 000 0 und d | ||
| 082 |
_bSAN _a894 |
||
| 100 | _aShanmugasuntharam, S | ||
| 245 | 0 | _aThannane | |
| 260 |
_aBangalore _bKaavya _c1995 |
||
| 300 | _a284 p ., | ||
| 650 | _aKadurai | ||
| 650 | _aArikkai | ||
| 650 | _aNermugam | ||
| 650 | _aMathipurai | ||
| 650 | _aAayvedukal | ||
| 942 | _cL | ||
| 999 |
_c3765 _d3765 |
||